Responses for Show #6824 - Thursday, April 24, 2014

Julia Collins game 4.

Contestants

[<< previous game]

Grace Riley, a writer from Fort Smith, Arkansas

James Behrens, a geophysicist from San Diego, California

Julia Collins, a supply chain professional from Kenilworth, Illinois (whose 3-day cash winnings total $53,105)

[next game >>]

Jeopardy! Round responses

FILL IN THE MOVIE TITLES
FROM "B" TO "Y"
(Alex: Each correct response will begin with the letter "B" and end with a "Y".)
THE WOMAN WHO WROTE...
IT WAS AN ACCIDENT
THAT EXPLANATION
DOES HOLD WATER
    $200 4
Fast

Grace
    $200 13
bounty

James
    $200 1
J.K. Rowling

Julia
    $200 26
(Grace: What is a bird?)
(James: What is a kite?)

hot air balloon

JamesGrace
Triple Stumper
    $200 19
the Bermuda Triangle

Julia
    $200 21
thermos

Julia
    $400 5
Dark

James
    $400 14
burglary

Grace
    $400 2
Nora Ephron

Julia
    $400 27
the Circus Maximus

Grace
    $400 9
cocktail

James
    $400 22
bottle

Julia
    $600 6
Home

Julia
    $600 16
belfry

Julia
    $600 3
Emma Lazarus

Grace
    $600 28
getting shot in the face by Dick Cheney

Julia
    $600 10
planets

James
    $600 23
swimming pool

Julia
    $800 8
Top

James
    $800 17
bibliography

Julia
    $800 7
Diane Warren

Grace
    $800 29
a class action lawsuit

Julia
    $800 11
the Sphinx (at Giza)

Grace
    $800 24
(James: What is viaduct?)

vessel

James
Triple Stumper
    $1000 12
Star

James
    $1000 18
belay

Julia
    $1,000 15
Clara Barton

Grace
    $1000 30
Le Mans

Grace
    $1000 20
Salem

Julia
    $1000 25
CamelBak

Julia

Scores at the first commercial break (after clue 15):

Julia James Grace
$1,200 $3,400 $3,800

Scores at the end of the Jeopardy! Round:

Julia James Grace
$8,400 $2,400 $5,000

Double Jeopardy! Round responses

LEO, THE POPE
STATE OF THE ART
LEGAL MATTERS
WORDS REFASHIONED
(Alex: ...the correct response will be a word that can be made of some of the letters in a word in the clue that we will highlight for you.)
SINGAPORE
SITCOM NEIGHBORS
(Alex: We want you to name the show in [*].)
    $400 15
(Saint) Peter

Grace
    $400 10
Georgia

Julia
    $400 29
juvenile court

James
    $400 7
bigot

Grace
    $400 1
(James: What are the Malays?)

Chinese

JuliaJames
    $400 2
Seinfeld

Grace
    $800 18
Florence

Julia
    $800 11
New Mexico

James
    $800 28
process server

Julia
    $800 8
Cabernet

Grace
    $800 22
humidity

James
    $800 3
The Honeymooners

Julia
    $2,000 19
John Paul II

Julia
    $1200 12
South Dakota

Grace
    $1200 23
William Rehnquist

Grace
    $1200 9
lathe

Julia
    $1200 30
an island

Julia
    $1200 4
The Dick Van Dyke Show

Triple Stumper
    $1600 20
Charlemagne

James
    $1600 13
(James: What is Illinois?)
...
(Alex: They're not too far from here.)

California

JuliaJames
    $1600 24
voir dire

Triple Stumper
    $1600 16
(Grace: What is quest?)

inquest

JuliaGrace
    $1600 26
Universal Studios

Julia
    $1600 5
The Wonder Years

Grace
    $2000 21
Constantinople

James
    $2,000 14
(Julia: What is New York?)
(Alex: No, you have to think of Degas being French, and where do a lot of French people live? [*]. [*].)

Louisiana

Julia
    $2000 25
(Alex: That's it--with less than a minute to go.)

torts

Julia
    $2000 17
archaic

Triple Stumper
    $2000 27
straits

James
    $2000 6
Married... with Children

James

Scores at the end of the Double Jeopardy! Round:

Julia James Grace
$20,800 $10,000 $9,400
(lock game)

[wagering suggestions for these scores]

Final Jeopardy! Round responses

DIARIES & JOURNALS
(Alex: [To Grace] [*], the man who discovered the tomb of King Tut.)
...
(Alex: [To Julia] He's the man who financed the expedition by [*].)
GraceWho is Carter?
$9,400
JamesWho is Leakey?
$8,801
JuliaWho is Lord Carnarvon?
$795
Howard Carter

Final scores:

Julia James Grace
$20,005 $1,199 $18,800
4-day champion: $73,110 3rd place: $1,000 2nd place: $2,000

Game dynamics:

Coryat scores:

Julia James Grace
$22,000 $10,000 $9,400
26 R
(including 1 DD),
1 W
(including 1 DD)
13 R,
4 W
15 R
(including 1 DD),
2 W

Combined Coryat: $41,400

[game clues] [game scores] [suggest correction]

Game tape date: 2014-01-15
The J! Archive is created by fans, for fans. Scraping, republication, monetization, and malicious use prohibited; this site may use cookies and collect identifying information. See terms. The Jeopardy! game show and all elements thereof, including but not limited to copyright and trademark thereto, are the property of Jeopardy Productions, Inc. and are protected under law. This website is not affiliated with, sponsored by, or operated by Jeopardy Productions, Inc. Join the discussion at JBoard.tv.